|
|
|
|
| LEADER |
00939nam a2200205 u 4500 |
| 001 |
10050047 |
| 003 |
GR-PaULI |
| 005 |
20210117211151.0 |
| 008 |
040426s1971 gr gre |
| 952 |
|
|
|0 0
|1 0
|2 ddc
|4 0
|6 390_009000000000000_495_27_ΤΣΟ
|7 0
|9 243659
|a LISP
|b LISP
|c ADM
|d 2020-09-23
|e ΚΑΛ
|i 13512
|l 0
|o 390.009 495 27 ΤΣΟ
|p 025000275542
|r 2020-09-23 00:00:00
|t 1
|v 2020.00
|w 2020-09-23
|y BKN
|
| 999 |
|
|
|c 147051
|d 147051
|
| 040 |
|
|
|a GR-PaULI
|c GR-PaULI
|b gre
|e AACR2
|
| 082 |
0 |
4 |
|a 390.009 495 27
|2 23
|
| 100 |
1 |
|
|a Τσολομήτης, Δημήτρης Γ.
|9 183224
|e συγγραφέας.
|
| 245 |
1 |
2 |
|a Ο κοσμίτικος γάμος :
|b λαογραφικό /
|c Δημήτρη Γ. Τσολομήτη.
|
| 260 |
|
|
|a Αθήνα :
|b [χ.ό.],
|c 1971.
|
| 300 |
|
|
|a 49 σ. ;
|b
|c 24 εκ.
|
| 650 |
|
4 |
|9 183225
|a Λαογραφία
|z Ελλάδα
|z Αρκαδία (Νομός)
|z Κοσμάς.
|
| 942 |
|
|
|2 ddc
|c BKN
|
| 998 |
|
|
|c ΜΠΟΥΡΑΣ
|d 2020-09
|